Диагностика экологической компетентности студентов педагогических вузов (Запись № 10679836)

Подробности
000 -МАРКЕР
контрольное поле 01809nam0a2200325 i 4500
001 - ИДЕНТИФИКАТОР ЗАПИСИ
контрольное поле RU\NLR\BIBL_A\010921827
005 - ИДЕНТИФИКАТОР ВЕРСИИ
контрольное поле 20240921162023.0
010 ## - МЕЖДУНАРОДНЫЙ СТАНДАРТНЫЙ НОМЕР КНИГИ (ISBN)
Номер (ISBN) 9785904752804
Тираж 100
021 ## - НОМЕР ГОСУДАРСТВЕННОЙ РЕГИСТРАЦИИ
Код страны российская федерация
Номер 2015-90414
Номер Листа государственной регистраци 5571
035 ## - ДРУГИЕ СИСТЕМНЫЕ НОМЕРА
Идентификатор записи (NILC)RuMoRGB-008075137
035 ## - ДРУГИЕ СИСТЕМНЫЕ НОМЕРА
Идентификатор записи (NLR Aleph) 010921827
100 ## - ДАННЫЕ ОБЩЕЙ ОБРАБОТКИ
Данные общей обработки 20151208d2015 um y0rusy50 ca
101 0# - ЯЗЫК РЕСУРСА
Язык текста, звукозаписи и т.д. русский
102 ## - СТРАНА ПУБЛИКАЦИИ ИЛИ ПРОИЗВОДСТВА
Страна публикации российская федерация
105 ## - ПОЛЕ КОДИРОВАННЫХ ДАННЫХ: ТЕКСТОВЫЕ МАТЕРИАЛЫ, МОНОГРАФИЧЕСКИЕ
Кодированные данные о монографическом текстовом документе y|||j|||000yy
200 1# - ЗАГЛАВИЕ И СВЕДЕНИЯ ОБ ОТВЕТСТВЕННОСТИ
Основное заглавие Диагностика экологической компетентности студентов педагогических вузов
Сведения, относящиеся к заглавию [учебно-методическое пособие]
Первые сведения об ответственности М. В. Емельянова, Е. Г. Шаронова
Последующие сведения об ответственности Федеральное гос. бюджетное образовательное учреждение высш. проф. образования "Чувашский гос. пед. ун-т им. И. Я. Яковлева"
210 ## - ПУБЛИКАЦИЯ, РАСПРОСТРАНЕНИЕ И ДР.
Место издания, распространения и т.д. Чебоксары
Имя издателя, распространителя и т. д. НИИ педагогики и технологии
Дата издания, распространения и т.д. 2015
215 ## - ФИЗИЧЕСКАЯ ХАРАКТЕРИСТИКА
Специфическое обозначение материала и объем 103 с.
Размеры 21
320 ## - ПРИМЕЧАНИЯ О НАЛИЧИИ В ДОКУМЕНТЕ БИБЛИОГРАФИИ / УКАЗАТЕЛЯ
Текст примечания Библиогр.: с. 96-99 (33 назв.)
606 1# - НАИМЕНОВАНИЕ ТЕМЫ КАК ПРЕДМЕТ
Наименование темы Высшие педагогические учебные заведения
Формальный подзаголовок Учебно-методические пособия
Тематический подзаголовок Студенты
-- Экологическое воспитание
Системный номер авторитетной/нормативной записи 2630660
Идентификатор авторитетной/нормативной записи RU\NLR\AUTH\661567220
675 ## - УНИВЕРСАЛЬНАЯ ДЕСЯТИЧНАЯ КЛАССИФИКАЦИЯ (UDC/УДК)
Индекс 378
686 1# - ИНДЕКСЫ ДРУГИХ КЛАССИФИКАЦИЙ
Индекс Ч489.511.352.27я7
700 #1 - ИМЯ ЛИЦА - ПЕРВИЧНАЯ ОТВЕТСТВЕННОСТЬ
Начальный элемент ввода Емельянова
Часть имени, кроме начального элемента ввода М. В.
Дополнения к именам, кроме дат д-р пед наук, экологическое образование
Даты 1964-
Расширение инициалов личного имени Марина Валерьевна
Системный номер авторитетной/нормативной записи 145527
Идентификатор авторитетной/нормативной записи RU\NLR\AUTH\770145563
701 #1 - ИМЯ ЛИЦА - АЛЬТЕРНАТИВНАЯ ОТВЕТСТВЕННОСТЬ
Начальный элемент ввода Шаронова
Часть имени, кроме начального элемента ввода Е. Г.
Расширение инициалов личного имени Евгения Геннадьевна
801 #0 - ИСТОЧНИК ЗАПИСИ
Страна российская федерация
Организация РГБ
Дата составления 20151120
Правила каталогизации RCR
942 ## - ДОПОЛНИТЕЛЬНЫЕ ЭЛЕМЕНТЫ ЗАПИСИ (АБИС)
Тип экземпляра АБИС Книга
980 ## - КОЛЛЕКЦИЯ
Название коллекции НБР

Нет доступных экземпляров.